| 000 | 00475nab a2200145Ia 4500 | ||
|---|---|---|---|
| 003 | ES-SlBCS | ||
| 005 | 20210601123652.0 | ||
| 008 | 140529s1993 xxu||||| |||| 00| 0 spa d | ||
| 041 | _aspa | ||
| 110 | 2 |
_aEquipo de Educación _9127312 |
|
| 245 | 0 | 0 |
_aProyecto: Control de Aedes Aegypti y dengue a través de la participación comunitaria _cEQUIPO DE EDUCACIÓN |
| 650 | 0 | 4 |
_aComunidad _9103908 |
| 773 | 0 |
_tAnthropos _gvol. 14, nº. 26, 1993, págs. 99-110 _wRev38 |
|
| 942 | _cAR | ||
| 999 |
_c501275 _d501275 |
||